Mujeres del siglo XII: recordando el linaje femenino

Saved in:
Bibliografiske detaljer
Hovedforfatter: Duby, Georges (Author)
Format: Bog
Sprog:spansk
Udgivet: Santiago Andrés Bello 1996
Fag:
Tags: Tilføj Tag
Ingen Tags, Vær først til at tagge denne postø!

MARC

LEADER 00000nam a2200000 a 4500
001 UCR4042
003 CL-VaPUC
008 980307e19960000CL |||||||||||||||||spa|d
082 0 4 |a 305.5  |b DUB  |2 21 
100 0 |a Duby, Georges  |e author  |9 403586 
245 1 0 |a Mujeres del siglo XII: recordando el linaje femenino 
300 |a 224 p 
942 |c BK 
945 |d 19980307 00:00:00  |a rleighto 
260 |a Santiago  |b Andrés Bello  |c 1996 
650 0 |a Mujeres  |9 257649 
650 0 |a Feminismo  |9 259085 
650 0 |a Edad media  |9 258041 
650 7 |a HISTORIA DE EUROPA SIGLO 12  |2 CL-VaPUC  |9 403587 
651 0 |a Europa  |9 255156 
583 |a last modification  |c 20160810 05:41:38  |k Rodrigo Vera 
999 |c 267007  |d 267005 
952 |0 0  |1 0  |4 0  |6 305_500000000000000_DUB_1996  |7 0  |8 A  |9 299091  |a BIBEDU  |b BIBEDU  |d 2019-11-20  |i 3394247  |o 305.5 DUB 1996  |p 3394247  |r 2023-01-12  |w 2019-11-20  |y BK  |k MUS